| 000 | 00459nam a22001697a 4500 | ||
|---|---|---|---|
| 003 | NUST - PNEC | ||
| 005 | 20170116181019.0 | ||
| 008 | 150915b xxu||||| |||| 00| 0 eng d | ||
| 020 | _a8188458023 | ||
| 040 | _cLIBRARY | ||
| 082 | _a621.38 GUP | ||
| 100 |
_910538 _aGupta, B. R., Dr. |
||
| 245 |
_aQuestion bank in electronics & communication engineering _cB. R. Gupta |
||
| 260 | _cc.2002 | ||
| 650 |
_910539 _aElectronics _xEL, MS COM |
||
| 942 |
_2ddc _cBK |
||
| 999 |
_c67335 _d67335 |
||